New Zealand Cities Above 30,000 Population - Statistics

General Stats
  • This quiz has been taken 35 times
    31 since last reset
  • The average score is 19 of 28
Answer Stats
Hint Answer % Correct
1,700,000 Auckland
100%
396,200 Christchurch
100%
542,000 Wellington
100%
130,400 Dunedin
93%
148,000 (2 cities combined) Napier/Hastings
93%
54,500 Nelson
89%
90,400 Palmerston North
89%
185,300 Hamilton
86%
52,100 Gisborne
82%
88,900 New Plymouth
82%
56,800 Invercargill
79%
52,800 Queenstown/ Alexandra/ Wanaka/ Kingston/ Arrowtown
79%
158,300 Tauranga
79%
101,900 Whangarei
79%
48,300 Upper Hutt
75%
114,000 Lower Hutt
71%
76,800 Rotorua
71%
48,700 Whanganui
71%
30,400 Blenheim
64%
62,400 Porirua
64%
48,900 Timaru
57%
38,500 Whakatane
46%
30,000 Masterton
43%
30,800 Paraparaumu/ kapiti Coast
43%
36,000 Ashburton
39%
64,660 Whangaparaoa/Hibiscus Coast/Silverdale/Orewa
32%
30,100 Rolleston
25%
35,000 Papamoa
14%
No matching quizzes found
Score Distribution
Percent of People with Each Score
Percentile by Number Answered
Your Score History
You have not taken this quiz since the last reset